000
00259nam a2200097Ia 4500
001
653734
005
20250826154504.0
008
250824s9999 xx 000 0 und d
245
0
_a
7 ARKADAŞIM BİR GRİSKOK
_c
MALORİE BLACKMAN
260
_b
GÜNIŞIĞI YAYINLARI
999
_c
653734
_d
653734